On This Day: January 27th Quiz Stats

 Plays Quiz Updated Jan 27, 2018

Score 0/7 Timer 03:00
0 Plays Today
Question Answer Wrong Answers
Commemorated as International Holocaust Remembrance Day, this is the anniversary of the Red Army's liberation of the remaining inmates of ______, the the largest Nazi concentration and death camp.
1945
Auschwitz-Birkenau
95.3%
Sobibór
1.4%
Janowska
1%
Maly Trostenets
0.8%
In the culmination of the Canadian Caper, six American diplomats secretly escape hostilities in Iran, an event depicted in this Oscar winning film.
1980
Argo
88.2%
Crash
2.1%
Spotlight
3.4%
Unforgiven
4.2%
This Austrian pianist and composer, who showed prodigious ability from his earliest childhood, is born.
1756
Wolfgang Amadeus Mozart
84.2%
Ludwig van Beethoven
11.7%
Frédéric Chopin
3.6%
Antonio Vivaldi
0.5%
The nearly 900-day German siege of this Russian city ends, regarded today as one of the longest and most destructive sieges in history.
1944
Leningrad
82.9%
Moscow
12%
Kazan
1.1%
Omsk
2.7%
The US Congress approves the establishment of Indian Territory in this present-day state, clearing way for the forced relocation of Native Americans known as the Trail of Tears.
1825
Oklahoma
70.3%
Montana
8.9%
Utah
4.5%
Wyoming
15.6%
The ______ Revolution begins as over 16,000 protesters demonstrate in Sana'a.
2011
Yemeni
47.9%
Syrian
27.1%
Iraqi
4.2%
Libyan
18.6%
The United States, United Kingdom, and Soviet Union sign the ______ Treaty in Washington, D.C., banning deployment of nuclear weapons in space and limiting use of the Moon and other celestial bodies to peaceful purposes.
1967
Outer Space
32%
Cosmos
19.4%
Space Friendship
36.8%
Moon and Stars
10.1%

You're not logged in!

Compare scores with friends on all Sporcle quizzes.
OR
Log In

Sporcle TV

Today on Sporcle TV


Watch our educational content, quiz creation guides, and fun videos on Sporcle TV.

Show Comments

Extras

Top Quizzes Today


Score Distribution

Your Account Isn't Verified!

In order to create a playlist on Sporcle, you need to verify the email address you used during registration. Go to your Sporcle Settings to finish the process.

Report this User

Report this user for behavior that violates our Community Guidelines.

Details: